Z rukopisnej pozostalosti Jána Martáka v ALU SNK

Bibliographic Details
Main Author: Gráfová, Jarmila, 1945- (Author)
Format: Article
Language:Slovak
PhysicalDescription:Fotogr.
ISSN:1335-7026
Subjects:
Online Access:http://www.snk.sk/images/snk/casopis_kniznica/2004/marec/138.pdf

MARC

LEADER 00000nab a2200000 a 4500
001 vtls000869122
003 SK-MaSNL
005 20260305020901.0
008 250429c2004 xo 0 slo
015 |a SNBRB2004/04-11550 
035 |a CLN000220674 
035 |a urn:nbn:sk:snk-abbxba 
035 |a (urnnbn)urn:nbn:sk:snk:ar-000p0r 
035 |a (uuid)ecd6b093-b597-4310-b199-bad2bb63a073 
040 |a SNKBUCL  |b slo  |c SNKBUCL  |e AACR2 
041 0 |a slo 
044 |a xo  |c SK 
080 |a 82:929:821.162.4  |2 1997 
080 |a 929 Marták, Ján  |2 1997 
080 |a 821.162.4:929  |2 1997 
100 1 |a Gráfová, Jarmila,  |d 1945-  |4 aut  |9 105902 
245 1 0 |a Z rukopisnej pozostalosti Jána Martáka v ALU SNK  |c Jarmila Gráfová 
300 |b Fotogr. 
600 1 7 |a Marták, Ján,  |d 1903-1982  |2 snkbucl  |9 37645 
610 2 7 |a Slovenská národná knižnica.  |b Archív literatúry a umenia  |2 snkbucl  |9 168375 
650 0 7 |a rukopisná pozostalosť  |2 snkbucl  |9 455445 
650 0 7 |a archívne fondy  |2 snkbucl  |9 1974 
655 7 |a články z novín a časopisov  |2 snkbucl  |9 267496 
773 0 |t Knižnica  |g Roč. 5, č. 3 (2004), s. 138-141  |x 1335-7026 
850 |a Slovenská národná knižnica 
852 |a Slovenská národná knižnica 
856 4 1 |u http://www.snk.sk/images/snk/casopis_kniznica/2004/marec/138.pdf 
954 |a odborná, vedecká literatúra pôvodná (slovenská)  |2 lita 
958 |a article15 
958 |a BX 
958 |a KL 
958 |a OND 
958 |a EUIPO 
992 |a RBX 
999 |c 3282835  |d 3284765